000 00231nam a2200097Ia 4500
001 1091034
005 20250827002851.0
008 250824s9999 xx 000 0 und d
245 0 _aSOKAK KEDİSİ HIRÇIN
_cALİ IRMAK
260 _bA
999 _c1091034
_d1091034